| 000 | 00586nam a2200193 a 4500 | ||
|---|---|---|---|
| 001 | 4273 | ||
| 003 | CDMR | ||
| 005 | 20131129094201.0 | ||
| 008 | 130130s1976||||||||||||||||||||||||||||d | ||
| 020 | _a8472228673 | ||
| 040 |
_aCDMR _bcat _cCDMR |
||
| 245 | 0 |
_aCultura y comunicación de masas _b: materiales de la discusión chilena : 1970-1973 _cM.A. Garretón ... [et al.] |
|
| 260 |
_aBarcelona _c1976 _bLaia |
||
| 300 | _a198 p. | ||
| 490 |
_aLaia / Paperback _v17 |
||
| 650 | 0 | 4 |
_94354 _aMitjans de comunicació de massa _zXile |
| 650 | 0 | 4 |
_93211 _aComunicació i cultura |
| 942 |
_cMON _2udc |
||
| 999 |
_c4273 _d4273 |
||